<?xml version="1.0" encoding="UTF-8"?>
<record
    xmlns:xsi="http://www.w3.org/2001/XMLSchema-instance"
    xsi:schemaLocation="http://www.loc.gov/MARC21/slim http://www.loc.gov/standards/marcxml/schema/MARC21slim.xsd"
    xmlns="http://www.loc.gov/MARC21/slim">

  <leader>02090nam a2200205 a 4500</leader>
  <controlfield tag="008">180918t2001    ag ||||g||||| 00| 1|spa d</controlfield>
  <datafield tag="020" ind1=" " ind2=" ">
    <subfield code="a">9500826445</subfield>
  </datafield>
  <datafield tag="041" ind1=" " ind2=" ">
    <subfield code="a">spa</subfield>
  </datafield>
  <datafield tag="092" ind1=" " ind2=" ">
    <subfield code="c">808</subfield>
    <subfield code="l">9</subfield>
    <subfield code="s">BUC</subfield>
  </datafield>
  <datafield tag="100" ind1="1" ind2=" ">
    <subfield code="a">Bucay, Jorge.</subfield>
    <subfield code="9">3514</subfield>
  </datafield>
  <datafield tag="245" ind1=" " ind2="3">
    <subfield code="a">El cochero.</subfield>
    <subfield code="b">Un libro en vivo /</subfield>
    <subfield code="c">Jorge Bucay</subfield>
  </datafield>
  <datafield tag="250" ind1=" " ind2=" ">
    <subfield code="a">1a ed. </subfield>
  </datafield>
  <datafield tag="260" ind1=" " ind2=" ">
    <subfield code="a">Buenos Aires:</subfield>
    <subfield code="b">Atl&#xE1;ntida ; Del Nuevo Extremo;</subfield>
    <subfield code="c">2001.</subfield>
  </datafield>
  <datafield tag="300" ind1=" " ind2=" ">
    <subfield code="a">221 p.</subfield>
  </datafield>
  <datafield tag="500" ind1=" " ind2=" ">
    <subfield code="a">Bucay, J. y Aguinis, M. (2001). El cochero. Un libro en vivo. (1a ed.). Buenos Aires : Atl&#xE1;ntida.</subfield>
  </datafield>
  <datafield tag="505" ind1=" " ind2=" ">
    <subfield code="a">Suenan los aplausos. Se descorre el tel&#xF3;n. En el escenario, Marcos Aguinis y Jorge Bucay. Dos de los referentes m&#xE1;s v&#xE1;lidos del pensar y sentir de la sociedad actual. Frente a ellos, el p&#xFA;blico. &#xBF;El motivo del encuentro? Escribir un libro elaborado en forma conjunta a partir del intercambio de preguntas, respuestas, opiniones, testimonios, relatos de los temas que nos preocupan. A lo largo de seis meses, Aguinis y Bucay recorrieron las ciudades de Rosario, Buenos Aires, Mar del Plata, Punta del Este, C&#xF3;rdoba y Mendoza en encuentros abiertos en lo que dialogaron con la audiencia. As&#xED;, cada una de las p&#xE1;ginas de este libro se fue escribiendo sobre los renglones de lo que conforman las inquietudes, preocupaciones, ilusiones, y vivencias de la gente hoy. La pareja, la separaci&#xF3;n, la fidelidad, la infidelidad, la soledad, las crisis, las adicciones, la violencia... las preguntas y respuestas se multiplicaron en valiosos intercambios repletos de interpretaciones y sorpresas, subidas y bajadas donde los autores no escatimaron densidad cr&#xED;tica, cuentos o an&#xE9;cdotas, erudici&#xF3;n, drama, informaci&#xF3;n, ternura. Dicen que muchos autores, en secreto, se sorprenden de algunas de las interpretaciones que hacen sus lectores, aquellos que ponen la &#xFA;ltima nota a esa larga melod&#xED;a que es un libro. Esta vez Marcos Aguinis y Jorge Bucay han decidido correr ese velo para escribir con la audiencia, cara a cara, de frente y perfil, a pura improvisaci&#xF3;n.</subfield>
  </datafield>
  <datafield tag="655" ind1=" " ind2=" ">
    <subfield code="a">Literatura</subfield>
    <subfield code="9">2917</subfield>
  </datafield>
  <datafield tag="700" ind1="1" ind2=" ">
    <subfield code="a">Aguinis, Marcos. </subfield>
    <subfield code="9">4296</subfield>
  </datafield>
  <datafield tag="942" ind1=" " ind2=" ">
    <subfield code="2">ddc</subfield>
    <subfield code="c">LIT</subfield>
  </datafield>
  <datafield tag="999" ind1=" " ind2=" ">
    <subfield code="c">3240</subfield>
    <subfield code="d">3240</subfield>
  </datafield>
  <datafield tag="952" ind1=" " ind2=" ">
    <subfield code="0">0</subfield>
    <subfield code="1">0</subfield>
    <subfield code="2">ddc</subfield>
    <subfield code="4">0</subfield>
    <subfield code="7">0</subfield>
    <subfield code="a">BFM</subfield>
    <subfield code="b">BFM</subfield>
    <subfield code="c">CR</subfield>
    <subfield code="d">2024-12-12</subfield>
    <subfield code="e">Donaci&#xF3;n Diciembre 2024. Sede Tordos.</subfield>
    <subfield code="l">0</subfield>
    <subfield code="o">808 9 BUC</subfield>
    <subfield code="p">4981</subfield>
    <subfield code="r">2024-12-16</subfield>
    <subfield code="t">Ej.1</subfield>
    <subfield code="w">2024-12-16</subfield>
    <subfield code="y">LIT</subfield>
    <subfield code="z">Donaci&#xF3;n Diciembre 2024. Sede Tordos.</subfield>
    <subfield code="f"></subfield>
  </datafield>
</record>
